000 00712nas a2200241 4500
001 BR9700376
003 BR-BrBNA
005 20231205095949.0
007 ta
008 230509b bl.|||p| |||| 00| 00por d
040 _aBR-BrBNA
_bpor
_cBiblioteca Nacional de Agricultura
041 _a(Pt)
072 _aL73
100 1 _aDutra, I.S.
100 1 _aDobereiner, J.
245 1 _aEficacia da vaxall, vacina botulinica bivalente na prevencao do botulismo em bovinos
650 _aVaca
650 _aBotulismo
650 _aVacina
773 0 _tHora Veterinaria (Brazil)
_xISSN 0101-9163
_g(Sep-Oct 1996), v. 16(93) p. 22-25
_wBR9700376
909 _a202311
_bLúcia
_c55
_dLúcia Elande
942 _2AGRIS
_n0
_cANA
999 _c153697
_d153697